| 000 | 00431nam a22001457a 4500 | ||
|---|---|---|---|
| 020 | _a9788131705193 | ||
| 082 |
_a658.5 _bRUS |
||
| 100 | _aRussell, Roberta S. & Taylor III, Bernard W. | ||
| 245 |
_aOperation Management / _cRoberta S. Russell, & Bernard W. Taylor III |
||
| 250 | _aFourth Edition. | ||
| 260 |
_aNew Delhi : _bPearson Education, _c2003. |
||
| 300 |
_a846p. ; _c26 cm. |
||
| 563 | _aPBK. | ||
| 942 |
_2ddc _cBK |
||
| 999 |
_c589157 _d589157 |
||